000 00319nam a2200109Ia 4500
001 1270429
005 20260417151349.0
008 260417s9999 xx 000 0 und d
020 _a9786258317633
245 0 _aHz. Peygamber ve Görevliler - Tüm İnsanların Peygamberi 4
_cAdnan Demircan
260 _bBeyan Yayınları
999 _c1270429
_d1270429